000 00231 a2200097 4500
001 41791
100 _aMcloughlin E V
245 _aThe Book of Knowledge (Vol-XV)
260 _aNew York
_bGrolier Society
_c
090 _c25902
_d25902
942 _aNUST-CAE
_cM
_c17672
999 _c276864
_d276864